MARC

Tag First Indicator Second Indicator Subfields
LEADER 00000cam a22000001i 4500
001 in00003423939
006 m |o d |
007 cr |n|||||||||
008 130916s2013 okua ob s001 0aeng d
005 20250816203832.5
020 |a 0806151013 (electronic bk.) 
020 |a 9780806151014 (electronic bk.) 
020 |z 9780806143897 (hardcover : alkaline paper) 
020 |z 0806143894 (hardcover : alkaline paper) 
024 8 |a 99969165260 
035 |a (NhCcYBP)ebr10747036 
040 |a NhCcYBP  |c NhCcYBP  |d UtOrBLW 
043 |a n-us-ut  |a n-us--- 
050 4 |a D810.C88  |b H65 2013 
082 0 4 |a 940.54/8673092  |a B  |2 23 
100 1 |a Holiday, Samuel,  |d 1924-2018  |0 http://id.loc.gov/authorities/names/n2013006407 
245 1 0 |a Under the eagle :  |b Samuel Holiday, Navajo code talker /  |c Samuel Holiday and Robert S. McPherson. 
264 1 |a Norman :  |b University of Oklahoma Press,  |c 2013. 
300 |a 1 online resource. 
336 |a text  |b txt  |2 rdacontent 
337 |a computer  |b c  |2 rdamedia 
338 |a online resource  |b cr  |2 rdacarrier 
504 |a Includes bibliographical references and index. 
505 0 |a Introduction: Decoding the Past : Origin and Context of Under the Eagle -- Establishing Beliefs : Birth and Early Years -- Diné Language and Control : Boarding School and Enlistment -- Training and Protection : Preparation for War -- Traditional and Contemporary Combat : First Encounter : Kwajalein -- The Hard Edge of Combat : Saipan and Tinian : Protection Made Tangible -- The Final Crucible : Iwo Jima : The Code Talkers' Triumph -- After the War : A Different Kind of Battle -- Recognition and Reconciliation : Samuel and the Code Talkers Association. 
588 |a Description based on print version record. 
500 |a Electronic resource. 
600 1 0 |a Holiday, Samuel,  |d 1924-2018  |0 http://id.loc.gov/authorities/names/n2013006407 
650 0 |a Navajo code talkers  |v Biography. 
650 0 |a Navajo Indians  |z Utah  |v Biography. 
650 0 |a World War, 1939-1945  |x Cryptography.  |0 http://id.loc.gov/authorities/subjects/sh85148391 
650 0 |a World War, 1939-1945  |x Participation, Indian.  |0 http://id.loc.gov/authorities/subjects/sh2010119693 
650 0 |a Marines  |z United States  |v Biography.  |0 http://id.loc.gov/authorities/subjects/sh2008107401 
610 1 0 |a United States.  |b Marine Corps  |v Biography. 
650 0 |a Oral history  |z United States. 
655 7 |a Electronic books.  |2 local 
700 1 |a McPherson, Robert S.,  |d 1947-  |0 http://id.loc.gov/authorities/names/n88063079 
710 2 |a ebrary, Inc.  |0 http://id.loc.gov/authorities/names/no2007088509 
776 1 8 |c Original  |z 9780806143897  |z 0806143894  |w (DLC) 2013001303 
856 4 1 |u https://ebookcentral.proquest.com/lib/tamucs/detail.action?docID=3571408  |y Connect to the full text of this electronic book  |t 0 
955 |a YBP purchased DDA e-records 
980 |b 24.95  |g 1 
987 |a ybp11079182 
999 f f |s d6a1a090-6839-3626-b827-71816ab9aee4  |i bfeb2d49-0a64-3d93-ba02-bbe174e12145  |t 0 
952 f f |a Texas A&M University  |b College Station  |c Electronic Resources  |d Available Online  |t 0  |e D810.C88 H65 2013  |h Library of Congress classification 
998 f f |a D810.C88 H65 2013  |t 0  |l Available Online